LEADER 01215cam0 22003133 450 001 SON0002016 005 20210504075000.0 010 $a8873460137 100 $a20040211d1997 |||||ita|0103 ba 101 $aita 102 $aIT 200 1 $aDifficoltà di lettura nella scuola media$ePercorsi e materiali di recupero per le abilità di decodifica$fGianna Friso$gAdriana Molin$gSilvana Poli$gIntroduzione e supervisione di Cesare Cornoldi 210 $aTrento$cErickson$d1997 215 $a144 p.$cill.$d30 cm 225 2 $aMateriali di recupero e sostegno 410 1$1001LAEC00015594$12001 $a*Materiali di recupero e sostegno 700 1$aFriso$b, Gianna$3AF00004286$4070$0478385 702 1$aMOLIN, Adriana$3AF00015809$4070 702 1$aPOLI, Silvana$3AF00015810$4070 702 1$aCORNOLDI, Cesare$3AF00015803$4070 801 0$aIT$bUNISOB$c20210504$gRICA 850 $aUNISOB 852 $aUNISOB$j370$m103027 912 $aSON0002016 940 $aM 102 Monografia moderna SBN 941 $aM 957 $a370$b001622$gRIS$d103027$racquisto$tP$1carrano$2UNISOB$3UNISOB$420111019115740.0$520160601134000.0$6rovito 996 $aDifficoltà di lettura nella scuola media$91731433 997 $aUNISOB LEADER 01479nam0 2200373 i 450 001 BRI0202303 005 20231121125409.0 010 $a8884222567 020 $aIT$b2004-9891 100 $a20051018d2003 ||||0itac50 ba 101 | $aita$afre 102 $ait 181 1$6z01$ai $bxxxe 182 1$6z01$an 200 1 $aJ.-M. Charcot e la lingua della neurologia$fLiborio Dibattista 210 $aBari$cCacucci$d2003 215 $a320 p.$d24 cm$e1 CD-ROM. 225 | $aCollana di storia della scienza$v1 410 0$1001LIG0008410$12001 $aCollana di storia della scienza$v1 606 $aNeurologia$xLinguaggio$2FIR$3RMLC418508$9I 606 $aCharcot, Jean Martin$2FIR$3RMLC277937$9I 606 $aNeurologia$xTerminologia$2FIR$3RMLC277939$9I 676 $a610.92$9MEDICINA E SALUTE. Persone$v23 676 $a616.80092$9MALATTIE DEL SISTEMA NERVOSO E DISTURBI PSICHICI. Persone$v23 700 1$aDibattista$b, Liborio$3BRIV095769$4070$0622733 801 3$aIT$bIT-01$c20051018 850 $aIT-RM0263 $aIT-FR0017 899 $aBIBLIOTECA MEDICA STATALE$bRM0263 899 $aBiblioteca umanistica Giorgio Aprea$bFR0017 $eN 912 $aBRI0202303 950 0$aBiblioteca umanistica Giorgio Aprea$d 52MAG 12/282$e 52FC 0000009985 VMN RS $fA $h20170821$i20170821 977 $a 05$a 52 996 $aJ.-M. Charcot e la lingua della neurologia$91097341 997 $aUNICAS LEADER 03235nam 2200721 450 001 9910780423403321 005 20230912141205.0 010 $a1-282-00324-0 010 $a9786612003240 010 $a1-4426-7057-6 024 7 $a10.3138/9781442670570 035 $a(CKB)2420000000003801 035 $a(EBL)3254852 035 $a(SSID)ssj0000287812 035 $a(PQKBManifestationID)11227472 035 $a(PQKBTitleCode)TC0000287812 035 $a(PQKBWorkID)10371149 035 $a(PQKB)11492264 035 $a(CaBNvSL)thg00600123 035 $a(DE-B1597)464152 035 $a(OCoLC)944178508 035 $a(DE-B1597)9781442670570 035 $a(Au-PeEL)EBL4671162 035 $a(CaPaEBR)ebr11256887 035 $a(OCoLC)431553723 035 $a(OCoLC)1058596967 035 $a(MdBmJHUP)musev2_104390 035 $a(VaAlCD)20.500.12592/dp1dp0 035 $a(schport)gibson_crkn/2009-12-01/6/417897 035 $a(MiAaPQ)EBC4671162 035 $a(MiAaPQ)EBC3254852 035 $a(EXLCZ)992420000000003801 100 $a20160922h19991999 uy 0 101 0 $aeng 135 $aur|n|---||||| 181 $ctxt 182 $cc 183 $acr 200 10$aAcademic freedom in Canada $ea history /$fMichiel Horn 210 1$aToronto, [Canada] ;$aBuffalo, [New York] ;$aLondon, [England] :$cUniversity of Toronto Press,$d1999. 210 4$d©1999 215 $a1 online resource (463 p.) 300 $aDescription based upon print version of record. 311 $a0-8020-0726-0 320 $aIncludes bibliographical references and index. 327 $a""CONTENTS""; ""PREFACE""; ""ACKNOWLEDGMENTS""; ""1 Introduction: Not a Burning Question""; ""2 A House Divided""; ""3 The Great War""; ""4 The Most Treasured Privilege""; ""5 The Great Depression""; ""6 Socialism and Academic Freedom at McGill""; ""7 The Second World War""; ""8 The Coming of the Cold War""; ""9 The Crowe Caws""; ""10 A Place of Liberty""; ""11 Freedom and Security: The Matter of Tenure""; ""12 Postscript: Academic Freedom since 1965""; ""13 Conclusion""; ""NOTES""; ""Abbreviations""; ""INDEX""; ""A""; ""B""; ""C""; ""D""; ""E""; ""F""; ""G""; ""H""; ""I""; ""J""; ""K"" 327 $a""L""""m""; ""n""; ""o""; ""p""; ""q""; ""r""; ""s""; ""t""; ""u""; ""v""; ""w""; ""x""; ""y""; ""z"" 330 1 $a"Michiel Horn's new book accentuates the changing nature of academic freedom in English Canada and provides essential background to today's discussions. Based on extensive archival research in more than twenty universities across Canada and in six public archives, the book locates the idea of academic freedom in its institutional and social contexts and traces its conflict-ridden evolution from 1860 to the present."--Jacket. 606 $aAcademic freedom$zCanada$xHistory 607 $aKanada$2idszbz 607 $aCanada$2fast 608 $aHistory. 608 $aElectronic books. 615 0$aAcademic freedom$xHistory. 676 $a371.104 700 $aHorn$b Michiel$f1939-$01467664 801 0$bMiAaPQ 801 1$bMiAaPQ 801 2$bMiAaPQ 906 $aBOOK 912 $a9910780423403321 996 $aAcademic freedom in Canada$93678454 997 $aUNINA